| 000 | 00758cab a2200241 4500 | ||
|---|---|---|---|
| 001 | WB2917-30 | ||
| 008 | 090401t1993 xxu||||| |||| 00| 0 eng d | ||
| 035 | _a(Sirsi) u18103 | ||
| 041 | _aeng | ||
| 245 | _aProfessional standards must be enforced | ||
| 260 | _c1993 | ||
| 350 | _a0 | ||
| 490 |
_aRICS Press Release _v(PR98.93) 4 May 1993 (3) |
||
| 520 | _aThe President of the RICS has stressed the need for members to maintain standards in spite of the pressures of recession. | ||
| 650 | _aABOUT RICS-RICS MEMBERS | ||
| 650 | _aCLIENTS MONEY | ||
| 650 | _aCONFLICTS OF INTEREST | ||
| 650 | _aPRACTISING CERTIFICATES | ||
| 650 | _aRICS | ||
| 690 | _aMANAGEMENT-BUSINESS MANAGEMENT-PROFESSIONAL PRACTICE | ||
| 942 | _n0 | ||
| 948 | _c04/03/1997 | ||
| 999 |
_c12004 _d12004 |
||